| 000 | 00414nam a2200193Ia 4500 | ||
|---|---|---|---|
| 008 | 210210b1826 xxu||||| |||| 00| 0 eng d | ||
| 041 | _aeng | ||
| 082 | _a911/11 | ||
| 100 | _aFINLAYSON (G) | ||
| 245 | _aMission to siam and hue | ||
| 260 |
_aLondon _bJohn Murray _c1826 |
||
| 650 | _ato | ||
| 650 | _asiam | ||
| 650 | _aMission | ||
| 650 | _ahue | ||
| 650 | _aand | ||
| 690 | _aTravel | ||
| 906 | _a024682 | ||
| 999 |
_c150305 _d150305 |
||